Normal view
MARC view
Entry Personal Name
001 - CONTROL NUMBER
- control field: 208061
003 - CONTROL NUMBER IDENTIFIER
- control field: OSt
005 - DATE AND TIME OF LATEST TRANSACTION
- control field: 20220924134109.0
008 - FIXED-LENGTH DATA ELEMENTS
- fixed length control field: 220924|| aca||aabn | a|a d
040 ## - CATALOGING SOURCE
- Original cataloging agency: OSt
- Transcribing agency: OSt
100 ## - HEADING--PERSONAL NAME
- Personal name: Dou Dani
670 ## - SOURCE DATA FOUND
- Source citation: Work cat.: (OSt)436370: Dou Dani , Yersh -ja Supana derti -je uljan, 1966
